Fresh ideas in invitations, poster and announcements

Bibliographic Details
Main Author: Finke, Gail Deibler
Format: Book
Published: Cincinnati, Ohio : North Light Books , C1998
Subjects:

MARC

LEADER 00000cam a2200000 7i4500
001 0000009919
005 20050419.0
020 |a 1581800878 
040 |a INS 
090 0 0 |a NC1810.   |b F56 1998 
100 1 |a Finke, Gail Deibler 
245 1 0 |a Fresh ideas in invitations, poster and announcements   |c Gail Deibler Finke 
260 |a Cincinnati, Ohio :   |b North Light Books ,   |c C1998 
300 |a 144p. :   |b ill.col. ;   |c 35cm. 
650 0 0 |a Lettering and calligraphy 
999 |a 0000009212   |b BOOK   |c Open Shelf   |e Default branch